| 000 | 00410 a2200169 4500 | ||
|---|---|---|---|
| 001 | 183095 | ||
| 020 | _a85-00-00417-7 | ||
| 040 | _cMagnum | ||
| 100 | _aRilke, Rainer Maria | ||
| 240 | 1 | 0 |
_aAlguns poemas e cartas a um jovem poeta _lpor |
| 245 | 1 | 0 | _aAlguns poemas e cartas a um jovem poeta |
| 300 | _a93 | ||
| 362 | 0 | _a1996 | |
| 440 | 1 | _aEdiouro | |
| 697 | _aLITERATURA GERAL ESTRANGEIRA | ||
| 942 | _cBK | ||
| 999 |
_c183095 _d183095 |
||